| 000 | 00737nam a22001937a 4500 | ||
|---|---|---|---|
| 999 |
_c19003 _d19003 |
||
| 003 | AR-CdUCM | ||
| 008 | 190516b ||||| |||| 00| 0 spa d | ||
| 040 |
_aMUNICIPALIDAD PROVINCIAL DEL CUSCO _cBIBLIOTECA MUNICIPAL DEL CUSCO |
||
| 082 |
_a652.30 / _bS37 |
||
| 110 |
_aSenati _940027 |
||
| 245 | _aMaterial didáctico para la formación profesional de diseño de maquinas y dibujo técnico / | ||
| 300 |
_a33 páginas ; _bIlustraciones, _c31 cm. |
||
| 505 | _aContenido: Introducción -- Papel, formatos -- Escritura normalizada -- Escalas -- Lineas, trazado. | ||
| 650 |
_aMaterial didáctico _910701 |
||
| 650 |
_aDibujo técnico _940028 |
||
| 650 |
_aDiseño de maquinas _923764 |
||
| 942 |
_2ddc _cLIBROS |
||
| 945 |
_aacv _d2019-05-16 |
||